Optimal control systems /
Guardado en:
| Autor Principal: | |
|---|---|
| Formato: | Libro |
| Idioma: | English Russian |
| Publicado: |
New York :
Academic Press,
1965.
|
| Series: | Mathematics in science and engineering ;
v. 22 |
| Materias: | |
| Etiquetas: |
Agregar Etiqueta
Sin Etiquetas, Sea el primero en etiquetar este registro!
|
| LEADER | 00809cam a22002291a 4500 | ||
|---|---|---|---|
| 001 | MAT.inmabb005511 | ||
| 008 | 730226s1965####nyua#####b####000#0#eng## | ||
| 005 | 20170823124141.0 | ||
| 245 | 1 | 0 | |a Optimal control systems / |c [by] A.A. Fel'dbaum. Translated by A. Kraiman. |
| 260 | |a New York : |b Academic Press, |c 1965. | ||
| 300 | |a x, 452 p. : |b il. ; |c 24 cm. | ||
| 440 | 0 | |a Mathematics in science and engineering ; |v v. 22 | |
| 500 | |a Traducción de: Osnovy teorii optimal´nykh avtomaticheskikh sistem (romanized form). | ||
| 504 | |a Bibliografía: p. 428-442. | ||
| 510 | 4 | |a MR, |c 32 #9075 | |
| 100 | 1 | |a Fel´dbaum, A. A. | |
| 650 | 0 | |a Adaptive control systems. | |
| 084 | |a 93.00 |2 MR | ||
| 010 | |a 65026397 | ||
| 040 | |a DLC |c ODaWU |d OCoLC |d Uk |d DLC | ||
| 041 | 1 | |a eng |h rus | |
| 859 | |h 93 |i F329 |p A-2658 |b BIB. MATEMATICA | ||
